000
00288 a2200145 4500
001
169590
020
_a
040
_c
Magnum
100
_a
Cagigal, Jose Maria
240
1
0
_a
Hombres y deporte
_l
ESP
245
1
0
_a
Hombres y deporte
362
0
_a
1899
697
_a
GERAL
942
_c
BK
999
_c
169590
_d
169590